|
|
|
|
| LEADER |
00000nab a2200000uu 4500 |
| 001 |
vtls011145660 |
| 003 |
SK-MaSNL |
| 005 |
20260303145805.0 |
| 008 |
230222|1972 xo |||||||||||||||||slo| |
| 015 |
|
|
|a SNBRB
|
| 035 |
|
|
|a (urnnbn)urn:nbn:sk:snk:ar-008js7
|
| 035 |
|
|
|a (uuid)43c824f4-eaed-4726-b5a8-8ea5ef6a2649
|
| 035 |
|
|
|a urn:nbn:sk:snk-abawel
|
| 040 |
|
|
|a SNKBUCL
|b slo
|c SNKBUCL
|e AACR2
|
| 041 |
0 |
|
|a slo
|
| 044 |
|
|
|a xo
|c SK
|
| 100 |
1 |
|
|a Kámen, Svatopluk
|4 aut
|9 1125033
|
| 245 |
1 |
0 |
|a JASKYŇA BARANOVÁ
|c Svatopluk Kámen
|
| 773 |
0 |
|
|t Slovenský kras : sborník Múzea slovenského krasu v Lipt. Mikuláši
|g Roč. 10, č. 1 (1972), s. 107-108
|
| 954 |
|
|
|a odborná, vedecká literatúra pôvodná (slovenská)
|2 lita
|
| 958 |
|
|
|a OND
|
| 958 |
|
|
|a EUIPO
|
| 958 |
|
|
|a article14
|
| 999 |
|
|
|c 2005248
|d 2007178
|